000 00529nam a22001937a 4500
003 OSt
005 20160818142143.0
008 160818b xxu||||| |||| 00| 0 eng d
020 _a075061367x
040 _cDNLM.
082 _aWE810J667 1998.
100 _aEdited By Wallace,W.Angus;
_910773
245 _aJoint Replacement in The shoulder &Elbow:
260 _aOxford;
_aBoston,
_bButterworth Heinemann,
_c1998.
300 _a165p;
_bill;
_c25cm.
504 _aincludes index.
650 _aJoints.
_910774
942 _2z
_cO_SHELF
999 _c5032
_d5032